000 00652nam a2200229 a 4500
999 _c852
_d852
001 852
003 BD-JhCC
005 20220811134024.0
008 171010s1985 bg |||| ||a| 000 0 ben d
020 _a9844550011
035 _a(BD-JhCC)852
040 _aBD-JhCC
_dBD-JhCC
041 _aben
082 _a891.443
_bAHM 1985
100 _aআহমেদ, হুমায়ূন
245 _aআমার আছে জল /
_c হুমায়ূন আহমেদ
260 _aঢাকা :
_bশিখা প্রকাশনী,
_c1985.
300 _a64 p. :
_c22 cm.
650 _aBengali Novel
942 _2ddc
_cBK
_09